| 000 | 00926nam a2200289 a 4500 | ||
|---|---|---|---|
| 001 | BRL_1213 | ||
| 005 | 20190320211103.0 | ||
| 008 | 291113s1986----mx-ao#####---#000-0#spa-# | ||
| 020 | _a9686113010 | ||
| 041 | _aspa | ||
| 044 | _amx | ||
| 050 | 4 |
_aTE28 _b.Y74 1986 |
|
| 245 | 1 | 0 |
_a...y se formaron caminos _cFotografía: Enrique Franco Torrijos ; Textos: Prof. Federico Hernándes Serrano |
| 260 |
_aMéxico, D.F. _bChrysler de México _c1986 |
||
| 300 |
_a177 p. _bil. (algunas a color) _c32 cm. |
||
| 500 | _aAu1396 | ||
| 500 | _aIncluye dedicatoria a Ruth Lechuga | ||
| 500 | _aTexto en: español e inglés | ||
| 504 | _aBibliografía: p. 177 | ||
| 650 | 1 | 4 |
_aCaminos _zMéxico _926140 |
| 650 | 1 | 4 |
_aCaminos de tierra _zMéxico _926141 |
| 650 | 1 | 4 |
_aCarreteras _zMéxico _926142 |
| 700 | 1 |
_aFranco Torrijos, Enrique _eil. _9625 |
|
| 700 | 1 |
_aHernándes Serrano, Federico _926143 |
|
| 902 | _aGRL | ||
| 942 |
_2lcc _cB |
||
| 999 |
_c10025 _d10025 |
||